000 00456nam a22001817a 4500
999 _c7346
_d7346
003 Ost
005 20191225153543.0
008 190824b ||||| |||| 00| 0 eng d
020 _a9993669008
040 _cBT-PhCST
050 _a23077
082 _222
_a303.482
_bDOR
100 _aDorji Wangchuk,
245 _aOff home shores :
_ba true story /
260 _aThimphu :
_bDorji Wangchuck,
_cc2008.
300 _a217 p. :
_bill. ;
_c22 cm.
942 _2ddc
_cF